000
00221 a2200109 4500
020
_a
8944513368733
041
_a
spa
100
_a
Sicoben
245
_a
Los Cachorros Salvan el Robot de Ryder
942
_c
BK
952
_7
4
999
_c
24865
_d
24865